Narnia Decoder - Statistics

General Stats
  • This quiz has been taken 278 times
    277 since last reset
  • The average score is 18 of 33
Answer Stats
Hint Answer % Correct
T Faun Lucy meets in the woods Mr. Tumnus
92%
S Second oldest of the Pevensie children Susan
87%
P Oldest of the Pevensie children Peter
86%
E Third oldest of the Pevensie children Edmund
84%
N The world in which most events take place Narnia
84%
M Busy character who takes the Pevensies into his home/dam Mr. Beaver
80%
I In the Voyage of the Dawn Treader, they stop mostly on what geographical formations? Islands
77%
E Cousin of the Pevensies, once described as "useless" Eustace
74%
W One can arrive in Narnia by going through the Wardrobe
74%
G Creatures with the body of an eagle and head of a lion Gryphon
68%
H Bree and Hwin are this type of animal Horse
65%
H Besides a bow and arrows, Susan gets what from Father Christmas? Horn
64%
T Close friend of Lewis, also an accomplished author J.R.R. Tolkien
63%
R Warrior mouse of renown Reepicheep
61%
W Name of the antagonist in the first book White Witch
61%
V Finish the title: Queen Lucy the _______ Valiant
57%
P The horse Strawberry is similar to what Greek horse? Pegasus
51%
Y Only those who are _____ can go to Narnia Young
49%
S The Lady of the Green Kirtle turns into a Serpent
48%
A In the Last Battle, Shift is what kind of primate Ape
47%
N Traitorous black Dwarf from Prince Caspian Nikabrik
46%
C Asian sea, also an important character Caspian
44%
H When drawn back to earth, the Pevensies had been chasing a Hart
44%
E Certain trees are similar to the ___ from the Lord of the Rings Ents
43%
N Nature spirits that live in trees and water Nymphs
39%
A Small land South of Narnia, and close ally Archenland
37%
A Flees Calormen because she is betrothed to a man she doesn't like Aravis
36%
E In the movies, these creatures drop large rocks on attackers Eagles
33%
I Writing group that Lewis was a part of Inklings
23%
T Capital of Calormen Tashbaan
23%
Things never happen the same way twice
22%
E Northern land populated by giants who like throwing rocks Ettinsmoor
21%
E In the Silver Chair, the main characters attend what school? Experiment House
17%
No matching quizzes found
Score Distribution
Percent of People with Each Score
Percentile by Number Answered
Your Score History
You have not taken this quiz since the last reset